Southville International School and Colleges
Your cart is empty.
  • Cart
  • Lists
    Public lists Eva Luna New books Lux_list list_1
    Your lists Log in to create your own lists
  • Log in to your account
  • Your cookies
  • Search history
Southville International School and Colleges
  • Advanced search
  • Recent comments
  • Most popular
  • Libraries

Log in to your account

Log in with GOOGLE


If you do not have an external account, but do have a local account, you can still log in:

  1. Home
  2. MARC view: Overcoming resistance :
Normal view MARC view ISBD view

Overcoming resistance : (Record no. 19443)

[ view plain ]
MARC details
000 -LEADER
fixed length control field 00575nam a2200193 a 4500
005 - DATE AND TIME OF LATEST TRANSACTION
control field 20140310183143.0
008 - FIXED-LENGTH DATA ELEMENTS--GENERAL INFORMATION
fixed length control field 020820s19uu xx 00 eng d
020 ## - INTERNATIONAL STANDARD BOOK NUMBER
International Standard Book Number 0671749498
050 ## - LIBRARY OF CONGRESS CALL NUMBER
Classification number HD 58.8
Item number .J44 1993
100 ## - MAIN ENTRY--PERSONAL NAME
Personal name Jellison, Jerald
245 ## - TITLE STATEMENT
Title Overcoming resistance :
Remainder of title a guide to producing change in the workplace /
Statement of responsibility, etc Jerald Jellison.
260 ## - PUBLICATION, DISTRIBUTION, ETC. (IMPRINT)
Place of publication, distribution, etc New York :
Name of publisher, distributor, etc Simon & Schuster,
Date of publication, distribution, etc 1993.
300 ## - PHYSICAL DESCRIPTION
Extent 235 p. :
Dimensions 22 cm.
521 ## - TARGET AUDIENCE NOTE
Target audience note
650 ## - SUBJECT ADDED ENTRY--TOPICAL TERM
Topical term or geographic name as entry element Organizational change
650 ## - SUBJECT ADDED ENTRY--TOPICAL TERM
Topical term or geographic name as entry element Organizational behavior
942 ## - ADDED ENTRY ELEMENTS (KOHA)
Koha item type Books
Source of classification or shelving scheme Library of Congress Classification
Call number prefix Foreign
Holdings
Withdrawn status Lost status Source of classification or shelving scheme Damaged status Home library Current library Shelving location Date acquired Cost, normal purchase price Total Checkouts Full call number Barcode Date last seen Copy number Price effective from Koha item type
    Library of Congress Classification   College Library College Library General Circulation Section 09/15/2009 115.00   HD 58.8 .J44 1993 C0354 05/15/2018 1 10/10/2013 Books

Overcoming resistance :

APA

Jellison J., . (1993). Overcoming resistance. New York: Simon & Schuster.

Chicago

Jellison Jerald, . 1993. Overcoming resistance. New York: Simon & Schuster.

Harvard

Jellison J., . (1993). Overcoming resistance. New York: Simon & Schuster.

MLA

Jellison Jerald, . Overcoming resistance. New York: Simon & Schuster. 1993.

  • Place hold
  • Print
  • Cite
  • Add to your cart (remove)
  • Save record
    BIBTEX Dublin Core MARCXML MARC (non-Unicode/MARC-8) MARC (Unicode/UTF-8) MARC (Unicode/UTF-8, Standard) MODS (XML) RIS
  • More searches
    Search for this title in:
    Other Libraries (WorldCat) Other Databases (Google Scholar) Online Stores (Bookfinder.com) Open Library (openlibrary.org)

Exporting to Dublin Core...

SOUTHVILLE LIBRARY

Southville International School and Colleges Library

1281 Tropical Ave. Cor. Luxembourg St., BF Homes International, Las Pinas City

Tel. No. 8256374 / 252358 Loc. 117/146

Powered by Koha